000 00990nac a22002537a 4500
001 BR8100115
003 BR-BrBNA
005 20240105114859.0
008 230509b bl.|||m| |||| 00| 0 por d
040 _aBR-BrBNA
_bpor
_cBiblioteca Nacional de Agricultura
072 _aF30
090 _a1900 BR8100115
110 1 _aInstituto de Zootecnia, Nova Odessa, SP (Brasil)
_96281
245 1 _aBalanco atual do programa de coleta e introducao de plantas forrageiras do Instituto de Zootecnia [Sao Paulo; Brasil]
246 1 _a[Present balance of the programme for collecting and introducing forage plants from the Institute of Zootechny [Sao Paulo; Brazil]]
260 3 _aNova Odessa, SP (Brasil):
_cApr 1980.
300 _a13 p.
490 _aBoletim Tecnico - Instituto de Zootecnia (Brazil)
_vno. 14
_x
650 _aMelhoramento genetico vegetal
650 _aPlanta forrageira
650 _aSao Paulo
909 _a202312
_bLúcia Elande
_c55
_dLúcia Elande
942 _2AGRIS
_n0
_cMS
999 _c271824
_d271824